| 000 | 01729cam a2200493 i 4500 | ||
|---|---|---|---|
| 001 | sjds2058360 | ||
| 003 | sjds | ||
| 005 | 20180805210630.0 | ||
| 008 | 161007s2018 mnua j b 001 0 spa | ||
| 010 | _a 2016042728 | ||
| 020 |
_a9781512441383 _q(lb ; _qalk. paper) |
||
| 020 |
_a1512441384 _q(lb ; _qalk. paper) |
||
| 020 |
_a9781512453867 _q(pb ; _qalk. paper) |
||
| 020 |
_a1512453862 _q(pb ; _qalk. paper) |
||
| 035 | _a1581756 | ||
| 035 | _a(OCoLC)960153328 | ||
| 035 | _a(OCoLC)ocn960153328 | ||
| 035 | _a1581756 | ||
| 040 |
_aDLC _beng _erda _cDLC _dOCLCF _dBTCTA _dOCLCQ _dCHILD _dIFA |
||
| 041 | 1 |
_aspa _heng |
|
| 042 | _apcc | ||
| 049 | _aIFAA | ||
| 099 |
_a630 _f2018 |
||
| 999 |
_c21206 _d21206 |
||
| 999 | _bCHILDREN ESPANOL 630 WALDENDORF 2018 | ||
| 100 | 1 |
_aWaldendorf, Kurt, _eauthor. |
|
| 240 | 1 | 0 |
_aHooray for farmers! _lSpanish |
| 245 | 1 | 0 |
_aQue vivan los granjeros! / _cpor Kurt Waldendorf. |
| 260 |
_aMinneapolis : _bEdiciones Lerner, _c[2018] |
||
| 264 | 1 |
_aMinneapolis : _bEdiciones Lerner, _c[2018] |
|
| 300 |
_a24 pages : _bcolor illustrations ; _c24 cm. |
||
| 336 |
_atext _btxt _2rdacontent |
||
| 337 |
_aunmediated _bn _2rdamedia |
||
| 338 |
_avolume _bnc _2rdacarrier |
||
| 490 | 1 | _aBumba books en espaƱol. Que vivan los ayudantes comunitarios! | |
| 504 | _aIncludes bibliographical references and index. | ||
| 521 | 1 | _aAge 4-7. | |
| 521 | 2 | _aK to grade 3. | |
| 526 | 0 |
_aAccelerated Reader AR _bLG _c2.3 _d0.5 _z184851. |
|
| 546 | _aIn Spanish. | ||
| 650 | 0 |
_aFarmers _vJuvenile literature. |
|
| 650 | 7 |
_aGranjeros _vLiteratura juvenil. _2bidex |
|
| 776 | 0 | 8 |
_iOnline version: _aWaldendorf, Kurt. _tQue vivan los granjeros! _dMinneapolis : Ediciones Lerner, [2018] _z9781512449754 _w(DLC) 2016046703 |
| 942 | _cBK | ||